Diccionario de dioses y diosas, diablos y demonios / (Record no. 155851)
[ view plain ]
| 000 -LEADER | |
|---|---|
| fixed length control field | 00672nam a22002057a 4500 |
| 005 - DATE AND TIME OF LATEST TRANSACTION | |
| control field | 20210525110634.0 |
| 008 - FIXED-LENGTH DATA ELEMENTS--GENERAL INFORMATION | |
| fixed length control field | 210525b sp ||||| |||| 00| 0 spa d |
| 020 ## - INTERNATIONAL STANDARD BOOK NUMBER | |
| International Standard Book Number | 8449307856 (rústica) |
| 020 ## - INTERNATIONAL STANDARD BOOK NUMBER | |
| International Standard Book Number | 844930797X (tela) |
| 050 04 - LIBRARY OF CONGRESS CALL NUMBER | |
| Classification number | BL473 |
| Item number | L87 1999 |
| 100 1# - MAIN ENTRY--PERSONAL NAME | |
| Personal name | Lurker, Manfred |
| Relator term | 1928-1990 |
| 240 ## - UNIFORM TITLE | |
| Uniform title | Lexikon der Götter und Dämonen |
| Language of a work | español |
| 245 10 - TITLE STATEMENT | |
| Title | Diccionario de dioses y diosas, diablos y demonios / |
| Statement of responsibility, etc | Manfred Lurker |
| 260 ## - PUBLICATION, DISTRIBUTION, ETC. (IMPRINT) | |
| Place of publication, distribution, etc | Barcelona : |
| Name of publisher, distributor, etc | Paidós, |
| Date of publication, distribution, etc | 1999 |
| 300 ## - PHYSICAL DESCRIPTION | |
| Extent | 428 páginas ; |
| Dimensions | 22 cm |
| 650 #7 - SUBJECT ADDED ENTRY--TOPICAL TERM | |
| Source of heading or term | lemb |
| Topical term or geographic name as entry element | Dioses |
| General subdivision | Diccionarios |
| 650 #7 - SUBJECT ADDED ENTRY--TOPICAL TERM | |
| Source of heading or term | lemb |
| Topical term or geographic name as entry element | Diosas |
| General subdivision | Diccionarios |
| 650 #7 - SUBJECT ADDED ENTRY--TOPICAL TERM | |
| Source of heading or term | lemb |
| Topical term or geographic name as entry element | Demonología |
| General subdivision | Diccionarios |
| 942 ## - ADDED ENTRY ELEMENTS (KOHA) | |
| Source of classification or shelving scheme | Biblioteca del Cogreso de los Estados Unidos |
| Koha item type | Libro |
| Estado de pérdida | Fuente de clasificación | Estado del daño | No para préstamo | Ubicación permanente | Ubicación actual | Apartado o colección | Fecha de adquisición | Edición | Dependencia de educación superior (DES) | Área del conocimiento | Total Checkouts | Clasificación | Código de Barras | Date last seen | Número de copia | Costo por reposición | Tipo de recurso |
|---|---|---|---|---|---|---|---|---|---|---|---|---|---|---|---|---|---|
| Biblioteca del Cogreso de los Estados Unidos | Biblioteca del Instituto de Investigaciones Históricas | Biblioteca del Instituto de Investigaciones Históricas | Consulta | 25/05/2021 | 1a ed. | Humanidades | Educación y Humanidades | BL473 L87 1999 | IIH000031062 | 25/05/2021 | C:1 | 1.00 | Libro |